| 000 | 01126cam a2200289Ma 4500 | ||
|---|---|---|---|
| 999 |
_c3689 _d3689 |
||
| 001 | ocn698254335 | ||
| 003 | OCoLC | ||
| 005 | 20180606171811.0 | ||
| 008 | 110106s2010 le d 000 0 ara d | ||
| 020 | _a9782745160287 | ||
| 020 | _a2745160281 | ||
| 035 | _a(OCoLC)698254335 | ||
| 040 |
_aUTO _beng _cUTO _dTEF _dOCLCA _dOCLCQ |
||
| 049 | _aTZAA | ||
| 050 | 4 |
_aREF TK5105 _b.M36 |
|
| 100 | 1 | _aManṣūrī, Nadīm. | |
| 245 | 1 | 0 |
_aQāmūs al-dardashīyah : lughat al-dardashah al-iliktrūnīyah ʻalá al-Intirnit, Inklīzī-ʻArabī / _blughat al-dardashah al-iliktrūnīyah ʻalá al-Intirnit, Inklīzī-ʻArabī / _cNadīm Manṣūrī = Chat language dictionary, English-Arabic / Nadim Mansouri. |
| 246 | 3 | 1 | _aChat language dictionary, English-Arabic |
| 250 | _aal-Ṭabah 1. | ||
| 260 |
_aBayrūt : _bDār al-Kutub al-ʻIlmīyah, _c2010. |
||
| 300 |
_a319 pages ; _c23 cm |
||
| 650 | 0 |
_aText messages (Cell phone systems) _xSlang _vDictionaries. |
|
| 650 | 0 |
_aElectronic mail systems _xSlang _vDictionaries. |
|
| 650 | 0 |
_aInstant messaging _vDictionaries. |
|
| 650 | 0 |
_aEmoticons _vDictionaries. |
|
| 942 |
_2lcc _cBOOK |
||